<?xml version="1.0" encoding="UTF-8"?>
<collection xmlns="http://www.loc.gov/MARC21/slim">
 <record>
  <leader>01317cam a22003132  4500</leader>
  <controlfield tag="001">1108328458</controlfield>
  <controlfield tag="003">DE-627</controlfield>
  <controlfield tag="005">20230713103655.0</controlfield>
  <controlfield tag="007">tu</controlfield>
  <controlfield tag="008">940411s1984    xx |||||      00| ||fre c</controlfield>
  <datafield tag="035" ind1=" " ind2=" ">
   <subfield code="a">(DE-627)1108328458</subfield>
  </datafield>
  <datafield tag="035" ind1=" " ind2=" ">
   <subfield code="a">(DE-576)038328453</subfield>
  </datafield>
  <datafield tag="035" ind1=" " ind2=" ">
   <subfield code="a">(DE-599)BSZ038328453</subfield>
  </datafield>
  <datafield tag="035" ind1=" " ind2=" ">
   <subfield code="a">(OCoLC)237265438</subfield>
  </datafield>
  <datafield tag="040" ind1=" " ind2=" ">
   <subfield code="a">DE-627</subfield>
   <subfield code="b">ger</subfield>
   <subfield code="c">DE-627</subfield>
   <subfield code="e">rakwb</subfield>
  </datafield>
  <datafield tag="041" ind1=" " ind2=" ">
   <subfield code="a">fre</subfield>
  </datafield>
  <datafield tag="084" ind1=" " ind2=" ">
   <subfield code="a">9,10</subfield>
   <subfield code="2">ssgn</subfield>
  </datafield>
  <datafield tag="100" ind1="1" ind2=" ">
   <subfield code="a">Pérouse de Montclos, Jean-Marie</subfield>
   <subfield code="d">1936-</subfield>
   <subfield code="0">(DE-588)114944113</subfield>
   <subfield code="0">(DE-627)589449923</subfield>
   <subfield code="0">(DE-576)162568770</subfield>
   <subfield code="4">aut</subfield>
  </datafield>
  <datafield tag="245" ind1="1" ind2="4">
   <subfield code="a">Les Prix de Rome</subfield>
   <subfield code="b">concours de l'Académie Royale d'Architecture au XVIIIe siècle; inventaire général des monuments et des richesses artistiques de la France</subfield>
   <subfield code="c">texte de Jean-Marie Pérouse de Montclos</subfield>
  </datafield>
  <datafield tag="264" ind1=" " ind2="1">
   <subfield code="a">Paris</subfield>
   <subfield code="b">Berger-Levrault</subfield>
   <subfield code="c">1984</subfield>
  </datafield>
  <datafield tag="300" ind1=" " ind2=" ">
   <subfield code="a">260 S.</subfield>
   <subfield code="b">Ill.</subfield>
  </datafield>
  <datafield tag="336" ind1=" " ind2=" ">
   <subfield code="a">Text</subfield>
   <subfield code="b">txt</subfield>
   <subfield code="2">rdacontent</subfield>
  </datafield>
  <datafield tag="337" ind1=" " ind2=" ">
   <subfield code="a">ohne Hilfsmittel zu benutzen</subfield>
   <subfield code="b">n</subfield>
   <subfield code="2">rdamedia</subfield>
  </datafield>
  <datafield tag="338" ind1=" " ind2=" ">
   <subfield code="a">Band</subfield>
   <subfield code="b">nc</subfield>
   <subfield code="2">rdacarrier</subfield>
  </datafield>
  <datafield tag="650" ind1="0" ind2="7">
   <subfield code="0">(DE-588)4513079-6</subfield>
   <subfield code="0">(DE-627)24839665X</subfield>
   <subfield code="0">(DE-576)213209950</subfield>
   <subfield code="a">Prix de Rome</subfield>
   <subfield code="2">gnd</subfield>
  </datafield>
  <datafield tag="787" ind1="0" ind2="8">
   <subfield code="i">Rezensiert in</subfield>
   <subfield code="a">Szambien, Werner</subfield>
   <subfield code="t">[Rezension von: &quot;Les Prix de Rome&quot;, concours de l’Académie royale d’architecture au XVIIIᵉ siècle]</subfield>
   <subfield code="d">1985</subfield>
   <subfield code="w">(DE-627)1852595841</subfield>
  </datafield>
  <datafield tag="951" ind1=" " ind2=" ">
   <subfield code="a">BO</subfield>
  </datafield>
  <datafield tag="991" ind1=" " ind2=" ">
   <subfield code="a">Rezensiertes Werk</subfield>
  </datafield>
  <datafield tag="999" ind1=" " ind2=" ">
   <subfield code="a">KXP-PPN1108328458</subfield>
   <subfield code="e">4380034666</subfield>
  </datafield>
 </record>
</collection>
